[Event "Open Vitrolles 2022/2023"]
[Site "Vitrolles"]
[Date "2023.01.21"]
[Round "5.8"]
[White "Coquet, Bruno"]
[Black "Bouriel, Michel"]
[Result "1-0"]
[WhiteElo "1159"]
[BlackElo "1323"]
[PlyCount "122"]
[WhiteTeam "CE Vitrolles"]
[BlackTeam "CE Vitrolles"]

1. e4 c5 2. Nf3 d6 3. d4 cxd4 4. Nxd4 Nf6 5. Nc3 g6 6. Be3 Bg7 7. Qd2 O-O 8. h3
a6 9. Bh6 b5 10. Bxg7 Kxg7 11. a3 Bb7 12. Bd3 Nbd7 13. O-O Rc8 14. Rfe1 Nc5 15.
Qe3 Nxd3 16. cxd3 e6 17. Rac1 Nd7 18. Nf3 Nc5 19. Ne2 f5 20. Ng5 f4 21. Rxc5
Qf6 22. Nxf4 dxc5 23. Ngxe6+ Kh8 24. Nxf8 Rxf8 25. g3 Qxb2 26. Qxc5 Qf6 27. Qe3
Re8 28. h4 Qc3 29. Qc1 Qe5 30. Nh3 Kg7 31. Qa1 Bc8 32. Qxe5+ Rxe5 33. f4 Rc5
34. Nf2 Rc3 35. Ra1 Bd7 36. Kg2 Rc2 37. Kf3 h5 38. e5 Bc6+ 39. Ke3 Kf7 40. g4
hxg4 41. Nxg4 Rg2 42. Rc1 Rg3+ 43. Kd4 Rxg4 44. Rxc6 Rxf4+ 45. Kd5 Ra4 46. e6+
Ke7 47. Rc7+ Kd8 48. Rg7 Rxa3 49. d4 Rh3 50. Kd6 Kc8 51. e7 Re3 52. Rg8+ Kb7
53. e8=Q Rxe8 54. Rxe8 a5 55. Kc5 b4 56. Re6 Ka7 57. Kb5 b3 58. Kxa5 g5 59.
hxg5 Ka8 60. Rb6 Ka7 61. Rxb3 Ka8 1-0

[Event "Open Vitrolles 2022/2023"]
[Site "Vitrolles"]
[Date "2023.01.21"]
[Round "5.9"]
[White "Piquemal, Jean-Christophe"]
[Black "Guillaud, Florence"]
[Result "1-0"]
[WhiteElo "1204"]
[BlackElo "1199"]
[PlyCount "111"]
[WhiteTeam "Marseille-Echecs"]
[BlackTeam "Marseille Passion Echecs"]

1. d4 d5 2. c4 e6 3. Nc3 Nf6 4. Bg5 Be7 5. Nf3 h6 6. Bxf6 Bxf6 7. e3 Nd7 8.
cxd5 Nf8 9. Bb5+ Bd7 10. Qb3 a6 11. Bxd7+ Nxd7 12. dxe6 Nf8 13. exf7+ Kd7 14.
O-O Kc8 15. Rac1 Ne6 16. Qxe6+ Kb8 17. Qb3 c6 18. Rfd1 Ka7 19. Ne4 Be7 20. Nc5
Rb8 21. Ne5 Bxc5 22. dxc5 Qf6 23. Nd7 Qe7 24. Nxb8 Kxb8 25. Qc4 g5 26. Rd6 Rf8
27. Qe6 Qxe6 28. Rxe6 Rxf7 29. Rxh6 Rd7 30. h4 gxh4 31. Rxh4 Rd2 32. Rb1 Ka7
33. g4 Rd5 34. Rh5 Rd8 35. g5 b6 36. cxb6+ Kxb6 37. Rh6 Re8 38. f4 Kc7 39. Rc1
Rb8 40. Rcxc6+ Kb7 41. Rxa6 Re8 42. Rae6 Rc8 43. Rh7+ Kb8 44. Rb6+ Ka8 45. Ra6+
Kb8 46. Rah6 Rc1+ 47. Kf2 Rc2+ 48. Kf3 Rxb2 49. g6 Rb1 50. g7 Rf1+ 51. Ke4 Rg1
52. Rh8+ Kc7 53. g8=Q Rxg8 54. Rxg8 Kd7 55. Rg7+ Ke8 56. Rh8# 1-0

[Event "Open Vitrolles 2022/2023"]
[Site "Vitrolles"]
[Date "2023.01.21"]
[Round "5.10"]
[White "De Moura Navalho, Joao-Curtis"]
[Black "Rannou, Danielle"]
[Result "1-0"]
[WhiteElo "1166"]
[BlackElo "1091"]
[PlyCount "43"]
[WhiteTeam "Hay Chess"]
[BlackTeam "CE Vitrolles"]

1. e4 e6 2. d4 d5 3. exd5 exd5 4. Nf3 Nf6 5. Be2 Nc6 6. O-O Be7 7. Nc3 O-O 8.
Re1 h6 9. Bf4 Bb4 10. Bb5 Ne4 11. Re3 Bd7 12. Nxe4 dxe4 13. c3 exf3 14. cxb4
fxg2 15. Bxc6 Bxc6 16. Rg3 Kh7 17. Qd3+ f5 18. Be5 Rf7 19. f4 Qd7 20. Qe2 Re8
21. Qh5 g6 22. Qxg6# 1-0

[Event "Open Vitrolles 2022/2023"]
[Site "Vitrolles"]
[Date "2023.01.21"]
[Round "5.11"]
[White "Mars, Florence"]
[Black "Schoeni, Christine"]
[Result "1-0"]
[WhiteElo "1203"]
[BlackElo "1199"]
[PlyCount "99"]
[WhiteTeam "CE Vitrolles"]
[BlackTeam "CE Vitrolles"]

1. e4 d5 2. exd5 Qxd5 3. Nc3 Qd8 4. Nf3 e6 5. d4 Bb4 6. a3 Bxc3+ 7. bxc3 Nf6 8.
Bg5 h6 9. Bxf6 Qxf6 10. Ne5 Qd8 11. Qf3 Qe7 12. Bb5+ c6 13. Ba4 b5 14. Bb3 O-O
15. O-O a5 16. a4 f6 17. Ng6 Qf7 18. Nxf8 Qxf8 19. Rfe1 Qf7 20. Re3 Na6 21.
Qxc6 Bd7 22. Bxe6 Bxc6 23. Bxf7+ Kxf7 24. axb5 Bxb5 25. Rb1 Nc7 26. c4 Ba6 27.
Rbe1 Re8 28. Rxe8 Nxe8 29. c5 Bc4 30. Ra1 Bd5 31. Rxa5 Kg6 32. f3 Nc7 33. Kf2
h5 34. Ke3 Kf5 35. g3 g5 36. c3 Kg6 37. f4 g4 38. Kd3 Kf5 39. c4 Be4+ 40. Kc3
Kg6 41. d5 f5 42. Kd4 Kf6 43. Ra7 Ne8 44. d6 Bc6 45. d7 Bxd7 46. Rxd7 Ng7 47.
Rxg7 Kxg7 48. c6 Kf6 49. c7 Ke6 50. c8=Q+ 1-0

[Event "Open Vitrolles 2022/2023"]
[Site "Vitrolles"]
[Date "2023.01.21"]
[Round "5.12"]
[White "Cortes-Sobral, Maria"]
[Black "Daubord, Christophe"]
[Result "0-1"]
[WhiteElo "1199"]
[BlackElo "1199"]
[PlyCount "108"]
[WhiteTeam "Marseille Passion Echecs"]
[BlackTeam "CE Vitrolles"]

1. c3 e5 2. Nf3 Nc6 3. e3 d6 4. a3 Bf5 5. d3 Qe7 6. Be2 O-O-O 7. e4 Be6 8. Nbd2
g5 9. c4 Qf6 10. Nb3 Qg6 11. Bxg5 f6 12. Bh4 h5 13. g3 Nh6 14. Qd2 f5 15. Bxd8
Nxd8 16. d4 Nc6 17. d5 Nd8 18. dxe6 Nxe6 19. Nh4 Qf6 20. Bxh5 fxe4 21. Qe3 Nd4
22. Bg4+ Nxg4 23. Qxe4 Nxb3 24. Qxg4+ Kb8 25. Rd1 Nc5 26. b4 Nd7 27. Qxd7 Be7
28. Rd2 Rd8 29. Qg4 b6 30. b5 Qf7 31. O-O Rg8 32. Qe4 Bg5 33. Re2 Rf8 34. Qd5
Qf6 35. Qe4 Rh8 36. Qg4 Rg8 37. h3 Qd8 38. Qe6 Bxh4 39. g4 Rf8 40. Kh1 Rf6 41.
Qd5 Qf8 42. Qe4 Bxf2 43. g5 Rf4 44. Qg2 Bd4 45. Rxf4 exf4 46. Re4 f3 47. Qf1
Bc5 48. a4 Kb7 49. Re6 f2 50. Rf6 Qe7 51. Qg2+ Kc8 52. Qg4+ Kd8 53. Qf3 Qe1+
54. Kg2 Qg1# 0-1

[Event "Open Vitrolles 2022/2023"]
[Site "Vitrolles"]
[Date "2023.02.04"]
[Round "6.1"]
[White "Roger, Patrick"]
[Black "Duval, Jean-Pierre"]
[Result "0-1"]
[WhiteElo "1568"]
[BlackElo "1626"]
[PlyCount "120"]

1. e4 d5 2. exd5 Nf6 3. d4 Nxd5 4. Nf3 g6 5. Be2 Bg7 6. O-O O-O 7. c4 Nb6
8. Nc3 Bg4 9. Be3 Nc6 10. d5 Bxf3 11. Bxf3 Ne5 12. Bxb6 axb6 13. Be2 Qd6 14.
Ne4 Qb4 15. Qc2 Nd7 16. Nc3 Nc5 17. a3 Qb3 18. Rac1 Bxc3 19. Qxb3 Nxb3 20. Rxc3
Nd4 21. Bd1 c6 22. Re1 e6 23. dxe6 Nxe6 24. Bg4 Rad8 25. Bxe6 fxe6 26. Rc2 Rd3
27. h3 Kf7 28. Rce2 Re8 29. Re3 Rxe3 30. Rxe3 Rd8 31. Rb3 Kf6 32. Rxb6 Rd7 33.
Kf1 Ke5 34. Rb3 Kd4 35. Rc3 Rf7 36. Ke2 Rf5 37. Rd3+ Kxc4 38. Rd7 Rb5 39. b4
Kb3 40. Rd3+ Kb2 41. f4 Rd5 42. Re3 Rd4 43. Kf3 Rc4 44. Rxe6 Kxa3 45. Re7 Rxb4
46. Rxh7 c5 47. g4 c4 48. f5 gxf5 49. gxf5 Rb6 50. Rc7 Kb3 51. Ke3 c3 52. Kd3
Rd6+ 53. Ke3 b5 54. Ke4 Kb2 55. Ke5 Rd3 56. f6 c2 57. f7 Rf3 58. Ke6 c1=Q 59.
Rxc1 Kxc1 60. Ke7 b4 0-1

[Event "Open Vitrolles 2022/2023"]
[Site "Vitrolles"]
[Date "2023.02.04"]
[Round "6.3"]
[White "Cens, Alain"]
[Black "Scamaroni, Jean-Paul"]
[Result "0-1"]
[WhiteElo "1486"]
[BlackElo "1463"]
[PlyCount "68"]

1. c4 Nf6 2. g3 g6 3. Bg2 Bg7 4. Nc3 O-O 5. e4 d6 6. Nge2 c5 7. O-O Nbd7 8. d3
Rb8 9. h3 a6 10. a4 Nb6 11. Be3 Bd7 12. a5 Na8 13. b3 b5 14. axb6 Qxb6 15. Rb1
a5 16. d4 Rfd8 17. e5 dxe5 18. dxc5 Qc7 19. Nd5 Nxd5 20. cxd5 Bb5 21. Qd2 Bxe2
22. Qxe2 Qc8 23. Rfd1 Nc7 24. d6 exd6 25. cxd6 Nb5 26. Rbc1 Nc3 27. Qd2 Rxb3
28. Qc2 a4 29. Rd3 e4 30. Bxe4 Qxh3 31. Bg2 Qg4 32. Kf1 Qb4 33. Qd2 Rb2 34. Qe1
Re2 0-1

[Event "Open Vitrolles 2022/2023"]
[Site "Vitrolles"]
[Date "2023.02.04"]
[Round "6.4"]
[White "Chauvet, Joelle"]
[Black "Mata, Thierry"]
[Result "0-1"]
[WhiteElo "1393"]
[BlackElo "1457"]
[PlyCount "130"]

1. d4 d5 2. Nf3 Nf6 3. e3 e6 4. c4 Be7 5. Be2 O-O 6. O-O Nbd7 7. Nc3 b6 8. b3
Bb7 9. a4 c5 10. Ba3 a6 11. dxc5 Nxc5 12. Qc2 dxc4 13. b4 Nce4 14. Nxe4 Bxe4
15. Qxc4 Bd5 16. Qd4 Nd7 17. Rad1 Nf6 18. Bb2 Bb3 19. Qxd8 Rfxd8 20. Rxd8+ Bxd8
21. Ra1 Be7 22. Nd4 Bd5 23. b5 axb5 24. Bxb5 Rc8 25. f3 h5 26. Bd3 Bc5 27. Rc1
e5 28. Nf5 Kf8 29. Ba3 g6 30. Bxc5+ bxc5 31. Nd6 Ra8 32. Ra1 Ke7 33. Nb5 Ra5
34. e4 Bb3 35. Nc3 c4 36. Be2 Kd6 37. Bd1 Kc5 38. Rc1 Kb4 39. Kf2 Bxd1 40. Nxd1
Rxa4 41. Rb1+ Kc5 42. Nc3 Rb4 43. Rc1 Rb2+ 44. Kg3 Kb4 45. Nd1 Re2 46. Rb1+ Kc5
47. Rb7 Kd4 48. Rxf7 h4+ 49. Kh3 Nh5 50. Rd7+ Kc5 51. Rd5+ Kb4 52. Rxe5 Re1 53.
Nb2 Nf4+ 54. Kxh4 Nxg2+ 55. Kg3 Ne3 56. Kf2 Nc2 57. Re6 Rh1 58. Kg2 Ra1 59. Rc6
Ne1+ 60. Kg3 c3 61. Nc4 c2 62. Ne5 c1=Q 63. Rxc1 Rxc1 64. Nxg6 Nd3 65. h4 Rg1+
0-1

[Event "Open Vitrolles 2022/2023"]
[Site "Vitrolles"]
[Date "2023.02.04"]
[Round "6.5"]
[White "Briquet, Xavier"]
[Black "Mangin, Raphael"]
[Result "1-0"]
[WhiteElo "1402"]
[BlackElo "1430"]
[PlyCount "175"]

1. e4 c5 2. c3 Nc6 3. d4 cxd4 4. cxd4 g6 5. Nf3 Bg7 6. Be3 d5 7. e5 Qb6 8. b3
e6 9. Nc3 Nge7 10. Be2 O-O 11. O-O Bd7 12. Rc1 Rac8 13. Na4 Qd8 14. Nc5 Rc7 15.
Qd2 b6 16. Nxd7 Qxd7 17. Bh6 Rfc8 18. Bb5 Qd8 19. Ba6 Ra8 20. Bxg7 Kxg7 21. Bd3
Rac8 22. Bb1 Na5 23. Rxc7 Qxc7 24. h3 Qc3 25. Qg5 Rc7 26. Qf6+ Kg8 27. Ng5 Nec6
28. Nxe6 fxe6 29. Qxe6+ Kf8 30. Qxd5 Qxd4 31. Qf3+ Rf7 32. Qe2 Qxe5 33. Qa6 Qe6
34. Rd1 Qf6 35. f3 Qg5 36. Kh1 Kg7 37. Be4 Nb4 38. Qe2 Qe7 39. a3 Nbc6 40. b4
Nb3 41. Qb2+ Ncd4 42. Bd5 Qe2 43. Qxe2 Nxe2 44. Bxf7 Kxf7 45. Rd7+ Kg8 46. Rxa7
b5 47. Kh2 Nbd4 48. Re7 h6 49. Re3 Nf4 50. Kg1 Nc2 51. Re8+ Kf7 52. Ra8 Ne2+
53. Kf2 Ned4 54. a4 bxa4 55. Rxa4 h5 56. Ra7+ Kf6 57. Rb7 Na3 58. Ke3 Nab5 59.
Kd3 Ke6 60. Rb6+ Kf5 61. g4+ hxg4 62. fxg4+ Ke5 63. Rxg6 Ne6 64. Kc4 Nd6+ 65.
Kb3 Nd4+ 66. Ka4 Kd5 67. h4 Nf3 68. h5 Ne5 69. Rg5 Ndf7 70. Rf5 Nh6 71. Rxe5+
Kxe5 72. g5 Nf7 73. g6 Nh6 74. Ka5 Kd6 75. Ka6 Kc7 76. Ka7 Kc6 77. Kb8 Kb5 78.
Kc7 Kxb4 79. Kd6 Kc4 80. Ke6 Kd4 81. Kf6 Kd5 82. g7 Kd6 83. Kg6 Ng8 84. h6 Ke6
85. Kh7 Nf6+ 86. Kh8 Ke7 87. g8=Q Nxg8 88. Kxg8 1-0

[Event "Open Vitrolles 2022/2023"]
[Site "Vitrolles"]
[Date "2023.02.04"]
[Round "6.6"]
[White "Benoit-Lizon, Alain"]
[Black "Coquet, Bruno"]
[Result "1-0"]
[WhiteElo "1395"]
[BlackElo "1159"]
[PlyCount "38"]

1. e4 e5 2. Nf3 Nc6 3. Bb5 a6 4. Bxc6 dxc6 5. O-O Bg4 6. h3 Bh5 7. g4 Bg6 8.
Nxe5 Bxe4 9. Re1 f5 10. d3 Qd4 11. dxe4 O-O-O 12. Qxd4 Rxd4 13. exf5 Nf6 14.
Be3 Re4 15. Nf7 Rg8 16. Nc3 Bb4 17. Nxe4 Bxe1 18. Nxf6 Bxf2+ 19. Bxf2 gxf6 1-0

[Event "Open Vitrolles 2022/2023"]
[Site "Vitrolles"]
[Date "2023.02.04"]
[Round "6.7"]
[White "Bregier, Gerard"]
[Black "Piquemal, Jean-Christophe"]
[Result "1-0"]
[WhiteElo "1349"]
[BlackElo "1204"]
[PlyCount "99"]

1. d4 d5 2.Nc3 Nf6 3. Bf4 Bg4 4. f3 Bh5 5. g4 Bg6 6. h4 h6 7. e3 e6 8. Bd3 Bh7 9. Bxh7
Nxh7 10. Qd3 c6 11. g5 Qb6 12. Nge2 Nd7 13. g6 Nhf6 14. gxf7+ Kxf7 15. Rg1 Kg8
16. Qg6 Rh7 17. O-O-O c5 18. Na4 Qb5 19. Nec3 Qc6 20. dxc5 Bxc5 21. Nxc5 Qxc5
22. Qd3 Rf8 23. Nb5 e5 24. Bg3 a6 25. Nc3 Qc4 26. Nxd5 Qxd3 27. Rxd3 Nxd5 28.
Rxd5 g5 29. hxg5 hxg5 30. Rf1 e4 31. f4 gxf4 32. Bxf4 Nf6 33. Rc5 Nh5 34. Rg1+
Rg7 35. Rxg7+ Nxg7 36. Re5 Re8 37. Rxe8+ Nxe8 38. Be5 Kf7 39. Kd2 Ke6 40. Bf4
b5 41. Kc3 Nd6 42. Bxd6 Kxd6 43. Kd4 a5 44. Kxe4 Kc5 45. Kd3 Kd5 46. e4+ Kc5
47. c3 a4 48. a3 Kd6 49. Kd4 Kc6 50. e5 1-0

[Event "Open Vitrolles 2022/2023"]
[Site "Vitrolles"]
[Date "2023.02.04"]
[Round "6.8"]
[White "Bouriel, Michel"]
[Black "Porte, Jacques"]
[Result "1-0"]
[WhiteElo "1323"]
[BlackElo "1141"]
[PlyCount "57"]

1. c4 Nf6 2. Nc3 g6 3. Nf3 Bg7 4. g3 e6 5. Bg2 d6 6. O-O Bd7 7. d3 Bc6 8. b4 b6
9. b5 Bb7 10. Bb2 O-O 11. a4 Nbd7 12. a5 bxa5 13. Rxa5 c5 14. bxc6 Bxc6 15. Qa1
Qc7 16. Rc1 Nc5 17. Qa2 Rfb8 18. Nb5 Qb6 19. Rb1 a6 20. Nxd6 Na4 21. Rxa4 Bxa4
22. Qxa4 Qxd6 23. Nd2 Ra7 24. Qa1 Ne8 25. Bxg7 Rxb1+ 26. Qxb1 Nxg7 27. Ne4 Qd8
28. c5 Nf5 29. e3 {Temps} 1-0

[Event "Open Vitrolles 2022/2023"]
[Site "Vitrolles"]
[Date "2023.02.04"]
[Round "6.9"]
[White "Javos, Yves-Andre"]
[Black "De Moura Navalho, Joao-Curtis"]
[Result "1-0"]
[WhiteElo "1294"]
[BlackElo "1166"]
[PlyCount "69"]

1. e4 e5 2. Nf3 Nc6 3. Bb5 Bc5 4. O-O Nf6 5. Nc3 d6 6. h3 Be6 7. Re1 O-O 8. a3
Nd4 9. Nxd4 Bxd4 10. Be2 Qd7 11. d3 Qc6 12. Qd2 Qc5 13. Nd1 d5 14. c3 dxe4 15.
cxd4 Qxd4 16. Qe3 Rad8 17. Qxd4 exd4 18. Bg5 exd3 19. Bxd3 Bd5 20. Bxf6 gxf6
21. b4 Rfe8 22. Nb2 Re6 23. f3 Rde8 24. Kf2 Re3 25. Re2 Bb3 26. Rae1 Bc2 27.
Rxe3 dxe3+ 28. Rxe3 Rxe3 29. Kxe3 Bb3 30. g3 Kg7 31. h4 Be6 32. Kf4 h5 33. Nd1
c6 34. Ne3 b5 35. Bf5 1-0

[Event "Open Vitrolles 2022/2023"]
[Site "Vitrolles"]
[Date "2023.02.04"]
[Round "6.10"]
[White "Daubord, Christophe"]
[Black "Schoeni, Christine"]
[Result "0-1"]
[WhiteElo "1199"]
[BlackElo "1199"]
[PlyCount "98"]

1. e3 d5 2. Nc3 Nf6 3. Bb5+ c6 4. Be2 e5 5. d4 e4 6. a4 Bb4 7. Bd2 O-O 8. Qb1
a5 9. Qa2 Be6 10. O-O-O Qd6 11. Nb1 Bxd2+ 12. Nxd2 Nbd7 13. Nf1 b6 14. h4 Ng4
15. Bxg4 Bxg4 16. Re1 h5 17. f3 Be6 18. Qb1 f5 19. Ne2 b5 20. b3 Qa3+ 21. Kd1
Qd6 22. Nd2 bxa4 23. bxa4 Rab8 24. Nb3 Qb4 25. Qa2 Nb6 26. Ng3 Nxa4 27. Nxh5
Nc3+ 28. Kd2 Nxa2+ 29. Ke2 Qc4+ 30. Kf2 Qxc2+ 31. Re2 Qxb3 32. Ng3 Nc3 33. Rd2
Nb1 34. Rdd1 Qc2+ 35. Ke1 Qc3+ 36. Kf1 Nd2+ 37. Kf2 a4 38. Ne2 Qd3 39. Nf4 Qc2
40. Nxe6 Rf6 41. Nc5 a3 42. Nd7 Rb1 43. Ke2 Qc4+ 44. Kf2 Rxd1 45. Rxd1 Qc2 46.
Rh1 Nc4+ 47. Kg1 Rg6 48. Rh2 a2 49. h5 a1=R# 0-1

[Event "Open Vitrolles 2022/2023"]
[Site "Vitrolles"]
[Date "2023.03.04"]
[Round "7.1"]
[White "Duval, Jean-Pierre"]
[Black "Frailinu, Jean-Bernard"]
[Result "1-0"]
[WhiteElo "1651"]
[BlackElo "1406"]
[PlyCount "59"]
[WhiteTeam "Puy Ste Réparade"]
[BlackTeam "Club d'Echecs de Miramas"]

1. e4 e6 2. d4 d5 3. Nc3 Nf6 4. Bg5 Be7 5. e5 Nfd7 6. h4 c5 7. Bxe7 Qxe7 8. Nb5
Kd8 9. c3 Nc6 10. Nd6 f6 11. f4 a6 12. Nf3 c4 13. h5 Na7 14. a4 Rb8 15. g4 h6
16. Nh4 Nf8 17. Qc2 Bd7 18. Ng6 Nxg6 19. Qxg6 Rf8 20. Bg2 Nc8 21. Rf1 Nxd6 22.
exd6 Qf7 23. Qc2 Re8 24. O-O-O Qf8 25. Qg6 Bxa4 26. Rde1 Kd7 27. f5 Kxd6 28.
fxe6 Re7 29. Qf5 Bc6 30. Qf4# 1-0

[Event "Open Vitrolles 2022/2023"]
[Site "Vitrolles"]
[Date "2023.03.04"]
[Round "7.2"]
[White "Kosteniuk, Kristina"]
[Black "Briquet, Xavier"]
[Result "1-0"]
[WhiteElo "1731"]
[BlackElo "1422"]
[PlyCount "81"]
[WhiteTeam "Hay Chess"]
[BlackTeam "Club d'Echecs de Miramas"]

1. e4 e5 2. Bc4 Nf6 3. d4 exd4 4. Nf3 Be7 5. e5 Ne4 6. Qxd4 Nc5 7. Nc3 O-O 8.
Be3 Nc6 9. Qd2 b6 10. O-O-O d6 11. Bd5 Bd7 12. exd6 Bxd6 13. Nb5 Be7 14. Bf4
Rc8 15. Qc3 Bf6 16. Qa3 Ne7 17. Bc4 a6 18. Nbd4 Ne4 19. Qe3 Nd6 20. Bd3 Nb7 21.
Qe4 Ng6 22. Qxb7 Nxf4 23. Bxa6 Qe7 24. Rhe1 Qb4 25. Qe4 c5 26. Bxc8 cxd4 27.
Bxd7 Ng6 28. Nxd4 Qa5 29. a3 Ne5 30. Nc6 Nxc6 31. Qxc6 Bg5+ 32. Kb1 h6 33. Qb5
Qa8 34. Bc6 Qb8 35. Qe5 Qc8 36. Bd7 Qa8 37. Qd5 Qb8 38. Qd6 Qa8 39. Bc6 Qc8 40.
Qd7 Qa6 41. Re8 1-0

[Event "Open Vitrolles 2022/2023"]
[Site "Vitrolles"]
[Date "2023.03.04"]
[Round "7.3"]
[White "Mata, Thierry"]
[Black "Roger, Patrick"]
[Result "0-1"]
[WhiteElo "1472"]
[BlackElo "1575"]
[PlyCount "76"]
[WhiteTeam "Club d'Echecs de Miramas"]
[BlackTeam "La Tour Hyéroise"]

1. d4 Nf6 2. c4 c5 3. d5 d6 4. Nc3 e5 5. e4 Be7 6. Be2 Nbd7 7. f4 exf4 8. Bxf4
Ne5 9. Bxe5 dxe5 10. Nf3 Ng4 11. Qd2 a6 12. O-O f6 13. Rad1 Bd6 14. Nh4 O-O 15.
Nf5 Bxf5 16. Rxf5 Nh6 17. Rf3 f5 18. exf5 Nxf5 19. Rh3 Qe7 20. Ne4 h6 21. Bd3
Rab8 22. Re1 b5 23. b3 bxc4 24. Bxc4 Ra8 25. g4 Nd4 26. Kg2 Rf4 27. Rg3 Raf8
28. Nxc5 Rf2+ 29. Qxf2 Rxf2+ 30. Kxf2 Qf6+ 31. Kg2 Bxc5 32. Rf1 Qd6 33. g5 h5
34. Rh3 Nc2 35. Rxh5 Ne3+ 36. Kf3 Nxf1 37. Bxf1 Qxd5+ 38. Kg4 Qd1+ 0-1

[Event "Open Vitrolles 2022/2023"]
[Site "Vitrolles"]
[Date "2023.03.04"]
[Round "7.4"]
[White "Scamaroni, Jean-Paul"]
[Black "Bregier, Gerard"]
[Result "1-0"]
[WhiteElo "1463"]
[BlackElo "1347"]
[PlyCount "57"]

1. d4 c6 2. c4 d5 3. Nf3 Nf6 4. Nc3 a6 5. cxd5 cxd5 6. Bg5 Bf5 7. e3 Nc6 8. a3
Ne4 9. Nxe4 Bxe4 10. Nd2 h6 11. Bh4 g5 12. Bg3 Bg6 13. Be2 Bg7 14. Rc1 O-O 15.
O-O e5 16. dxe5 Nxe5 17. Qb3 Qa5 18. Rfd1 Rac8 19. Nf3 Nxf3+ 20. Bxf3 Rxc1 21.
Rxc1 Qd2 22. Rd1 Qxb2 23. Bxd5 Qxb3 24. Bxb3 Rc8 25. Bd5 Rc3 26. Bd6 b5 27. Bb4
Rc7 28. Ba5 Rc3 29. Bxc3 1-0

[Event "Open Vitrolles 2022/2023"]
[Site "Vitrolles"]
[Date "2023.03.04"]
[Round "7.5"]
[White "Mangin, Raphael"]
[Black "Benoit-Lizon, Alain"]
[Result "1-0"]
[WhiteElo "1403"]
[BlackElo "1384"]
[PlyCount "89"]

1. d4 Nf6 2. c4 e6 3. Nc3 Bb4 4. e3 O-O 5. Nge2 d5 6. a3 Be7 7. cxd5 exd5 8.
Nf4 c6 9. Bd3 Re8 10. O-O Bd6 11. Nfe2 Qc7 12. Ng3 Nbd7 13. Re1 Nf8 14. e4 Bxg3
15. hxg3 dxe4 16. Nxe4 Nxe4 17. Rxe4 Be6 18. Bf4 Qb6 19. Qd2 Rad8 20. Be3 Bd5
21. Rxe8 Rxe8 22. Qc3 Ne6 23. Kh2 g6 24. Rd1 Rd8 25. Rd2 Rd7 26. Bc4 Bxc4 27.
Qxc4 Rd5 28. Qc3 a5 29. b3 Qd8 30. Qb2 f5 31. b4 axb4 32. Qxb4 b6 33. a4 f4 34.
gxf4 Qh4+ 35. Kg1 Nxf4 36. Bxf4 Qxf4 37. Re2 Rxd4 38. Re8+ Kg7 39. Qe7+ Kh6 40.
g3 Qg5 41. Qf8+ Kh5 42. Qf3+ Rg4 43. Qh1+ Rh4 44. Qxh4+ Qxh4 45. gxh4 1-0

[Event "Open Vitrolles 2022/2023"]
[Site "Vitrolles"]
[Date "2023.03.04"]
[Round "7.6"]
[White "Javos, Yves-Andre"]
[Black "Cens, Alain"]
[Result "0-1"]
[WhiteElo "1278"]
[BlackElo "1469"]
[PlyCount "72"]
[WhiteTeam "Puy Ste Réparade"]
[BlackTeam "Echiquier Pierreverdant"]

1. e4 c5 2. Nf3 d6 3. d4 cxd4 4. Qxd4 a6 5. Nc3 Nc6 6. Qd1 g6 7. Be2 Bg7 8. Bd2
Nf6 9. Qc1 O-O 10. h3 Bd7 11. a3 Rc8 12. Bh6 Na5 13. Bxg7 Kxg7 14. O-O Nc4 15.
Nd2 Ne5 16. Nd5 e6 17. Nxf6 Qxf6 18. Qd1 Bc6 19. c3 Rfd8 20. Qc2 Nd7 21. Rad1
d5 22. f4 dxe4 23. Nxe4 Bxe4 24. Qxe4 Nc5 25. Qe3 Na4 26. Rxd8 Rxd8 27. Qc1 Rd6
28. Rf3 Qd8 29. Qc2 Qb6+ 30. Kh2 Qxb2 31. Qxb2 Nxb2 32. c4 Rc6 33. Rc3 b5 34.
c5 Na4 35. Rb3 Rxc5 36. Rb4 Nb6 0-1

[Event "Open Vitrolles 2022/2023"]
[Site "Vitrolles"]
[Date "2023.03.04"]
[Round "7.7"]
[White "Coquet, Bruno"]
[Black "Chauvet, Joelle"]
[Result "1-0"]
[WhiteElo "1166"]
[BlackElo "1375"]
[PlyCount "73"]
[WhiteTeam "CE Vitrolles"]
[BlackTeam "Club d'Echecs de Meyreuil"]

1. e4 e5 2. Nf3 d6 3. Bc4 Be7 4. c3 Nf6 5. d3 O-O 6. O-O c6 7. Re1 b5 8. Bb3
Bb7 9. d4 Nbd7 10. Nbd2 Qc7 11. Nf1 h6 12. Ng3 Rfe8 13. Nf5 Bf8 14. N3h4 d5 15.
Ng3 Rad8 16. Qf3 exd4 17. Bf4 Ne5 18. Bxe5 Rxe5 19. cxd4 Re7 20. e5 Nh7 21. Bc2
Ng5 22. Qd3 c5 23. f4 Ne4 24. Nhf5 Re6 25. Nd6 Bxd6 26. exd6 Qxd6 27. Nxe4 dxe4
28. Qxb5 Qxd4+ 29. Kh1 Bc6 30. Qa5 c4 31. Rad1 Qf2 32. Rxd8+ Re8 33. Rxe8+ Bxe8
34. Bxe4 Qh4 35. g3 Qf6 36. Qc3 Qd8 37. Qxc4 1-0

[Event "Open Vitrolles 2022/2023"]
[Site "Vitrolles"]
[Date "2023.03.04"]
[Round "7.8"]
[White "Piquemal, Jean-Christophe"]
[Black "Bouriel, Michel"]
[Result "0-1"]
[WhiteElo "1208"]
[BlackElo "1320"]
[PlyCount "70"]
[WhiteTeam "Marseille-Echecs"]
[BlackTeam "CE Vitrolles"]

1. d4 Nf6 2. c4 g6 3. Nf3 Bg7 4. Bg5 O-O 5. Nc3 d6 6. Qd2 Nc6 7. Bh6 Bf5 8. a3
Na5 9. Qg5 b6 10. Bxg7 Kxg7 11. Nd2 h6 12. Qh4 g5 13. Qg3 Nh5 14. Qe3 Bg6 15.
b4 Nc6 16. d5 Ne5 17. g3 f5 18. f4 gxf4 19. gxf4 Ng4 20. Qd4+ Kh7 21. h3 e5 22.
Qg1 Qh4+ 23. Kd1 Nf2+ 24. Kc1 Nxh1 25. Qxh1 Qxf4 26. Qf3 Qxf3 27. exf3 Ng3 28.
Bd3 Rae8 29. Nb5 Re7 30. Nxa7 e4 31. Nc6 Ree8 32. fxe4 fxe4 33. Bc2 e3 34. Nb3
Rf1+ 35. Kb2 e2 0-1

[Event "Open Vitrolles 2022/2023"]
[Site "Vitrolles"]
[Date "2023.03.04"]
[Round "7.9"]
[White "Guillaud, Florence"]
[Black "Porte, Jacques"]
[Result "1-0"]
[WhiteElo "1199"]
[BlackElo "1116"]
[Annotator "Jean-Marc"]
[PlyCount "80"]
[WhiteTeam "Marseille Passion Echecs"]
[BlackTeam "Club d'Echecs de Miramas"]

1. c4 e5 2. Nc3 c5 3. g3 Nc6 4. e3 Nf6 5. Bg2 Be7 6. a3 O-O 7. Nf3 Rb8 8. O-O
Re8 9. b3 d6 10. h3 h6 11. Bb2 Be6 12. d3 Qc8 13. g4 Nh7 14. Ne4 f5 15. gxf5
Bxf5 16. Ng3 Bxh3 17. e4 Bxg2 18. Kxg2 Qg4 19. Rh1 Rf8 20. Nh2 Qe6 21. f3 Rf6
22. Ng4 Rf7 23. Nf5 Bg5 24. Bc1 Bf4 25. Bxf4 exf4 26. Qd2 Rxf5 27. exf5 Qxf5
28. Rae1 h5 29. Nf2 Qg6+ 30. Kf1 Nd4 31. Qxf4 Rf8 32. Qe4 Qf6 33. Rxh5 Ng5 34.
Qd5+ Nf7 35. Ne4 Qxf3+ 36. Nf2 Qxd5 37. Rxd5 Nxb3 38. Ke2 Re8+ 39. Ne4 Nd4+ 40.
Kd1 b6 {temps} 1-0

[Event "Open Vitrolles 2022/2023"]
[Site "Vitrolles"]
[Date "2023.03.04"]
[Round "7.10"]
[White "Schoeni, Christine"]
[Black "Pietrac, Christian"]
[Result "0-1"]
[WhiteElo "1199"]
[BlackElo "1164"]
[PlyCount "103"]
[WhiteTeam "CE Vitrolles"]
[BlackTeam "Club d'Echecs de Miramas"]

1. d4 Nf6 2. Nc3 d5 3. Bg5 c6 4. e3 g6 5. Nf3 Bg7 6. Be2 Ne4 7. Bh4 O-O 8. O-O
Nxc3 9. bxc3 Re8 10. c4 f6 11. c5 b6 12. c3 bxc5 13. dxc5 Na6 14. c4 Nxc5 15.
Nd4 Bd7 16. Bg4 dxc4 17. Bxd7 Qxd7 18. Rc1 Qd5 19. Nf3 Nd3 20. Rc2 Rad8 21. Nd4
Nb4 22. Re2 a6 23. e4 Qxd4 24. Qxd4 Rxd4 25. a3 Nd3 26. f3 Nf4 27. Rc2 c3 28.
Rxc3 Ne2+ 29. Kh1 Nxc3 30. Bf2 Rd1 31. Kg1 Rxf1+ 32. Kxf1 Rd8 33. g3 Rd1+ 34.
Kg2 f5 35. Bc5 Rd2+ 36. Kh3 e6 37. Be3 Rd3 38. Bc5 Rxf3 39. Bd6 Nxe4 40. Kg2
Rd3 41. Bb4 Bc3 42. Be7 Rd2+ 43. Kh1 Kf7 44. Bd8 g5 45. Bc7 g4 46. Bf4 Ra2 47.
Bc1 Bb2 48. Bxb2 Rxb2 49. a4 c5 50. a5 c4 51. Kg1 c3 52. Kf1 0-1

[Event "Open Vitrolles 2022/2023"]
[Site "Vitrolles"]
[Date "2023.03.04"]
[Round "7.11"]
[White "De Moura Navalho, Joao-Curtis"]
[Black "Daubord, Christophe"]
[Result "1-0"]
[WhiteElo "1157"]
[BlackElo "1199"]
[PlyCount "125"]

1. e4 Nf6 2. Nc3 e6 3. d4 d5 4. Bg5 c6 5. exd5 cxd5 6. Bb5+ Bd7 7. Qe2 Qa5 8.
Nf3 Bb4 9. Bxd7+ Nbxd7 10. Bd2 Rc8 11. Qb5 b6 12. Qxa5 Bxa5 13. O-O O-O 14.
Rfc1 a6 15. a3 b5 16. Na2 Bb6 17. Nb4 Ra8 18. a4 Ne4 19. Bf4 Ba5 20. Nc6 Rfe8
21. Nxa5 Nb6 22. axb5 axb5 23. Nb3 Rec8 24. Rxa8 Rxa8 25. Nfd2 Na4 26. Nxe4
dxe4 27. Nd2 Nxb2 28. Nxe4 Nc4 29. Nd6 b4 30. Nxc4 Rd8 31. Ra1 f6 32. Be3 Rc8
33. Nd6 Rb8 34. Ra4 h6 35. Bd2 b3 36. cxb3 Rxb3 37. g3 Rb1+ 38. Kg2 Rb2 39.
Ra8+ Kh7 40. Be3 Rb6 41. Ne4 Rb7 42. Re8 Rb6 43. d5 Rb4 44. d6 Rb7 45. Re7 Rb8
46. d7 Rd8 47. Bb6 Rb8 48. d8=Q Rxd8 49. Bxd8 e5 50. Nxf6+ Kg6 51. Rxe5 Kf7 52.
Nd5 g5 53. Bxg5 hxg5 54. Rxg5 Ke6 55. Ne3 Kf6 56. h4 Kf7 57. Kf3 Ke6 58. Kf4
Kf7 59. Kf5 Kf8 60. Kf6 Ke8 61. Rg7 Kd8 62. Ke6 Ke8 63. Rg8# 1-0